[Event "Cadaques Open"]
[Site "SchemingMind.com"]
[Date "2007.07.05"]
[Round "-"]
[White "schakert"]
[Black "Beefington"]
[Result "1-0"]
[WhiteCountry "NED"]
[BlackCountry "USA"]
[WhiteElo "1988"]
[WhiteRD "123"]
[BlackElo "1262"]
[BlackRD "113"]
[GameID "111851"]

1. e4 e6 2. d4 d5 3. exd5 exd5 4. Bd3 Nf6 5. Bf4 Bd6 6. Bxd6 Qxd6 7. h3 O-O 8. Ne2 Nc6 9. c3 Re8 10. O-O Ne7
11. Ng3 Ng6 12. Nd2 Nf4 13. Bc2 b6 14. Nf3
1-0

[Event "Cadaques Open"]
[Site "SchemingMind.com"]
[Date "2007.07.10"]
[Round "-"]
[White "schakert"]
[Black "Malatuso"]
[Result "1/2-1/2"]
[WhiteCountry "NED"]
[BlackCountry "ITA"]
[WhiteElo "1870"]
[WhiteRD "104"]
[BlackElo "1760"]
[BlackRD "81"]
[GameID "111852"]

1. e4 e5 2. Nf3 Nc6 3. Bb5 a6 4. Ba4 Nf6 5. O-O b5 6. Bb3 Be7 7. c3 O-O 8. Re1 Bb7 9. d3 h6 10. Nbd2 d6
11. Nf1 Na5 12. Bc2 c5 13. Be3 Ng4 14. d4 Nc4 15. Bc1 exd4 16. cxd4 d5 17. exd5 Bxd5 18. b3 Nb6 19. Qd3 Nf6 20. dxc5 Bxc5
21. Bb2 Nbd7 22. Ne5 Nxe5 23. Bxe5 g6 24. Ne3 Bxe3 25. Qxe3 Ng4 26. Qg3 Nxe5 27. Rxe5 Qf6 28. Rae1 Bb7 29. Qe3 Rac8 30. Bb1 Rc7
31. Re7 Rxe7 32. Qxe7 Qxe7 33. Rxe7 Rc8 34. Re1 Kg7= 35. f4 Kf6 36. Kf2 Rc7 37. g4 g5 38. f5 Rc3 39. Rd1 Rf3+ 40. Kg1 Ke7
41. Bd3 Rf4= 42. Be2 Bf3 43. Bxf3=
1/2-1/2

[Event "Cadaques Open"]
[Site "SchemingMind.com"]
[Date "2007.07.05"]
[Round "-"]
[White "schakert"]
[Black "briancw"]
[Result "1-0"]
[WhiteCountry "NED"]
[BlackCountry "USA"]
[WhiteElo "1988"]
[WhiteRD "123"]
[BlackElo "1400"]
[BlackRD "123"]
[GameID "111853"]

1. e4 e5 2. Nf3 Nc6 3. Bb5 a6 4. Ba4 Nf6 5. O-O b5 6. Bb3 Bc5 7. d3 d6 8. Bg5 h6 9. Bh4 g5 10. Bxg5 hxg5
11. Nxg5 Be6 12. Nxe6 fxe6 13. Bxe6 Ke7 14. Bd5
1-0

[Event "Cadaques Open"]
[Site "SchemingMind.com"]
[Date "2007.07.05"]
[Round "-"]
[White "snoodie05"]
[Black "schakert"]
[Result "0-1"]
[WhiteCountry "USA"]
[BlackCountry "NED"]
[WhiteElo "1419"]
[WhiteRD "85"]
[BlackElo "1890"]
[BlackRD "152"]
[GameID "111854"]

1. e4 e5 2. h3 Nc6 3. Nf3 Bc5 4. a3 Nf6 5. Bd3 O-O 6. Qe2 d5 7. exd5 Nxd5 8. Nc3 Nf4 9. Qf1 Nxd3+ 10. Qxd3 Qxd3
11. cxd3 f6 12. Na4 Bd4 13. Nxd4 Nxd4 14. O-O Nb3 15. Ra2 Be6 16. Rd1 Nxc1 17. Rxc1 Bxa2 18. Rxc7 Rf7 19. Rc3 b5 20. Nc5 Rc8
21. b4 Rfc7 22. f3 Bf7 23. Kf2 Kf8 24. g4 a5 25. Ke3 axb4 26. axb4 Ke7 27. h4 g6 28. f4 exf4+ 29. Kxf4 Bd5 30. d4 Kd6
31. d3 Ra8 32. g5 f5 33. Kg3 Ra2 34. Kh3 Re7 35. Kg3 Re3+
0-1

[Event "Cadaques Open"]
[Site "SchemingMind.com"]
[Date "2007.07.05"]
[Round "-"]
[White "mikewharvey"]
[Black "schakert"]
[Result "1-0"]
[WhiteCountry "GBR"]
[BlackCountry "NED"]
[WhiteElo "1730"]
[WhiteRD "84"]
[BlackElo "1844"]
[BlackRD "92"]
[GameID "111855"]

1. c4 c5 2. Nf3 Nf6 3. d4 cxd4 4. Nxd4 g6 5. Nc3 Bg7 6. e4 d6 7. Be2 Nc6 8. Be3 Qa5 9. O-O O-O 10. Nb3 Qd8
11. f4 a5 12. c5 dxc5 13. Bxc5 Bd7 14. e5 Ne8 15. Nd5 Be6 16. Nb6 Rb8 17. Qxd8 Rxd8 18. Bf3 f6 19. Bxc6 bxc6 20. Bxe7 Rb8
21. Bxf8 Bxf8 22. Na4 Bxb3 23. axb3 Rxb3 24. Rfc1 fxe5 25. fxe5 Bg7 26. e6 Rxb2 27. Nxb2 Bxb2 28. Rcb1 Bxa1 29. Rxa1 Nc7 30. Rc1 Nxe6
31. Rxc6 Kf7 32. Ra6 g5 33. Rxa5 h5 34. Kf2 Kf6 35. g3 Ng7 36. Kf3 Ne6 37. Ke4
1-0

[Event "Cadaques Open"]
[Site "SchemingMind.com"]
[Date "2007.07.05"]
[Round "-"]
[White "mrbiggs"]
[Black "schakert"]
[Result "0-1"]
[WhiteCountry "USA"]
[BlackCountry "NED"]
[WhiteElo "1612"]
[WhiteRD "81"]
[BlackElo "1988"]
[BlackRD "123"]
[GameID "111856"]

1. e4 e5 2. f4 exf4 3. Nf3 d6 4. d4 Be7 5. Bxf4 Nf6 6. Nc3 Bg4 7. Bc4 Nc6 8. O-O O-O 9. h3 Bh5 10. Qd3 Nb4
11. Qd1 d5 12. exd5 Nbxd5 13. Nxd5 Nxd5 14. Bxd5 Qxd5 15. Bxc7 Rac8 16. Be5 Bg6 17. c3 b5 18. a3 f6 19. Bf4 Rfe8 20. Nh4 Be4
21. Re1 g5 22. Rxe4 Qxe4 23. Qh5 Qxf4 24. Ng6 hxg6 25. Qxg6+ Kf8 26. Qh6+ Kf7 27. Qh5+ Kg7 28. Rf1 Qe3+ 29. Kh1 Rh8
0-1

[Event "Cadaques Open"]
[Site "SchemingMind.com"]
[Date "2007.07.05"]
[Round "-"]
[White "Nightlamp"]
[Black "schakert"]
[Result "1-0"]
[WhiteCountry "BEL"]
[BlackCountry "NED"]
[WhiteElo "2054"]
[WhiteRD "79"]
[BlackElo "1988"]
[BlackRD "123"]
[GameID "111857"]

1. d4 d5 2. Nf3 Nf6 3. c4 e6 4. g3 dxc4 5. Bg2 Nc6 6. O-O Rb8 7. e3 Bd7 8. Qe2 b5 9. Rd1 Be7 10. Nc3 O-O
11. e4 b4 12. Nb1 Na5 13. Ne5 Bb5 14. a4 Ba6 15. Be3 c3 16. Qxa6 c2 17. Rc1 cxb1=Q 18. Raxb1
1-0

[Event "Cadaques Open"]
[Site "SchemingMind.com"]
[Date "2007.07.05"]
[Round "-"]
[White "Beefington"]
[Black "schakert"]
[Result "0-1"]
[WhiteCountry "USA"]
[BlackCountry "NED"]
[WhiteElo "1262"]
[WhiteRD "113"]
[BlackElo "1988"]
[BlackRD "123"]
[GameID "111858"]

1. d4 d5 2. c4 e6 3. Nc3 Nf6 4. Nf3 Be7 5. Bf4 c5 6. g3 cxd4 7. Nxd4 Nc6 8. Bg2 Bb4 9. O-O O-O 10. Qd3 Bxc3
11. Qxc3 Re8 12. Nxc6 bxc6 13. Rfd1 Nd7
0-1

[Event "Cadaques Open"]
[Site "SchemingMind.com"]
[Date "2007.07.10"]
[Round "-"]
[White "Malatuso"]
[Black "schakert"]
[Result "0-1"]
[WhiteCountry "ITA"]
[BlackCountry "NED"]
[WhiteElo "1760"]
[WhiteRD "81"]
[BlackElo "1870"]
[BlackRD "104"]
[GameID "111859"]

1. e4 e5 2. Nf3 Nc6 3. Bc4 Nf6 4. d3 h6 5. O-O d6 6. Nc3 Bg4 7. h3 Bh5 8. a3 Be7 9. Nd5 Nd4 10. Nxf6+ Bxf6
11. g4 Nxf3+ 12. Qxf3 Bg6 13. Bd2 Qd7 14. a4 O-O-O 15. a5 h5 16. Qe3 hxg4 17. Qxa7 Qc6 18. b4 gxh3 19. b5 h2+ 20. Kh1 Bxe4+
21. dxe4 Qxe4+ 22. f3 Qxc4 23. Qa8+ Kd7 24. Qxb7 Rb8 25. Qc6+ Qxc6 26. bxc6+ Kxc6 27. Rfb1 Rxb1+ 28. Rxb1 Ra8 29. Kxh2 d5 30. Kg3 e4
31. fxe4 dxe4 32. Kf4 e3
0-1

[Event "Cadaques Open"]
[Site "SchemingMind.com"]
[Date "2007.07.05"]
[Round "-"]
[White "briancw"]
[Black "schakert"]
[Result "0-1"]
[WhiteCountry "USA"]
[BlackCountry "NED"]
[WhiteElo "1400"]
[WhiteRD "123"]
[BlackElo "1988"]
[BlackRD "123"]
[GameID "111860"]

1. Nf3 d5 2. c4 Nf6 3. cxd5 Nxd5 4. e4 Nb6 5. d4 Bg4 6. Bb5+ N8d7 7. h3 Bh5 8. g4 Bg6 9. Nc3 c6 10. Bd3 e6
11. h4 h5 12. Ng5 Nf6 13. e5 Bxd3
0-1